The noble scholar, jurist, historian


 His Excellency Dr. Abdul Wahhab bin Ibrahim Abu Sulaiman, may Allah have mercy on him.


 He was born in Umm Al-Qura in the year 1356 AH.

استدراكات ابن عطية في المحرر الوجيز على الطبري في جامع البيان : (Record no. 2366)

MARC details
000 -LEADER
fixed length control field 01782cam a22003611i 4500
003 - CONTROL NUMBER IDENTIFIER
control field SA-RiAUC
005 - DATE AND TIME OF LATEST TRANSACTION
control field 20241114080656.0
008 - FIXED-LENGTH DATA ELEMENTS--GENERAL INFORMATION
fixed length control field 241113s2006 su g b f001 0 ara c
020 ## - INTERNATIONAL STANDARD BOOK NUMBER
International Standard Book Number 9960025675
040 ## - CATALOGING SOURCE
Original cataloging agency KW-ShULA
Language of cataloging ara
Transcribing agency SA-RiAUC
Description conventions rda
082 04 - DEWEY DECIMAL CLASSIFICATION NUMBER
Classification number 227.3
Assigning agency SA-RiAUC
090 ## - LOCALLY ASSIGNED LC-TYPE CALL NUMBER (OCLC); LOCAL CALL NUMBER (RLIN)
Classification number (OCLC) (R) ; Classification number, CALL (RLIN) (NR) 227.3
Local cutter number (OCLC) ; Book number/undivided call number, CALL (RLIN) أ س م
100 1# - MAIN ENTRY--PERSONAL NAME
Personal name الأسمري، شايع بن عبده
Relator term مؤلف.
245 10 - TITLE STATEMENT
Title استدراكات ابن عطية في المحرر الوجيز على الطبري في جامع البيان :
Remainder of title عرضا ودراسة /
Statement of responsibility, etc. شايع بن عبده الأسمري.
250 ## - EDITION STATEMENT
Edition statement الطبعة الأولى.
264 #1 - PRODUCTION, PUBLICATION, DISTRIBUTION, MANUFACTURE, AND COPYRIGHT NOTICE
Place of production, publication, distribution, manufacture المدينة المنورة :
Name of producer, publisher, distributor, manufacturer الجامعة الإسلامية، عمادة البحث العلمي،
Date of production, publication, distribution, manufacture, or copyright notice 2006
300 ## - PHYSICAL DESCRIPTION
Extent 2 مجلد (1278 صفحة ) ؛
Dimensions 25 سم.
336 ## - CONTENT TYPE
Content type term نص
Content type code txt
Source rdacontent
Materials specified كتاب
337 ## - MEDIA TYPE
Media type term بدون وسيط
Media type code n
Source rdamedia
338 ## - CARRIER TYPE
Carrier type term مجلد
Carrier type code nc
Source rdacarrier
490 0# - SERIES STATEMENT
Series statement إصدارات الجامعة الإسلامية بالمدينة المنورة ؛
Volume/sequential designation 89
500 ## - GENERAL NOTE
General note يشتمل على كشافات.
504 ## - BIBLIOGRAPHY, ETC. NOTE
Bibliography, etc. note ببليوجرافية : صفحة 1223-1253.
630 27 - SUBJECT ADDED ENTRY--UNIFORM TITLE
Uniform title القرآن
General subdivision تفاسير مأثورة
Source of heading or term aucut
700 12 - ADDED ENTRY--PERSONAL NAME
Personal name ابن عطية، عبد الحق بن غالب بن عبد الرحمن،
Dates associated with a name 481-542 هجري
700 12 - ADDED ENTRY--PERSONAL NAME
Personal name ابن جرير الطبري، محمد بن جرير بن يزيد،
Dates associated with a name 224-310 هجري
730 22 - ADDED ENTRY--UNIFORM TITLE
Uniform title القرآن
740 22 - ADDED ENTRY--UNCONTROLLED RELATED/ANALYTICAL TITLE
Uncontrolled related/analytical title المحرر الوجيز في تفسير الكتاب العزيز.
740 02 - ADDED ENTRY--UNCONTROLLED RELATED/ANALYTICAL TITLE
Uncontrolled related/analytical title تفسير الطبري، المسمى، جامع البيان في تفسير القرآن.
740 02 - ADDED ENTRY--UNCONTROLLED RELATED/ANALYTICAL TITLE
Uncontrolled related/analytical title جامع البيان في تفسير القرآن.
942 ## - ADDED ENTRY ELEMENTS (KOHA)
Source of classification or shelving scheme Dewey Decimal Classification
Koha item type Books
Suppress in OPAC No
949 ## - LOCAL PROCESSING INFORMATION (OCLC)
a SA-JeALM
d 241113
u mohamedma123
n 1
Holdings
Withdrawn status Lost status Source of classification or shelving scheme Damaged status Not for loan Home library Current library Date acquired Total checkouts Full call number Barcode Date last seen Price effective from Koha item type Materials specified (bound volume or other part)
    Dewey Decimal Classification     DR AbdElwahab Library DR AbdElwahab Library 11/14/2024   227.3 أ س م 000003692 11/14/2024 11/14/2024 Books  
    Dewey Decimal Classification     DR AbdElwahab Library DR AbdElwahab Library 11/22/2024   227.3 أ س م 000004124 11/22/2024 11/22/2024 Books المجلد الثاني